000 00281nam a2200109Ia 4500
008 230907s9999||||xx |||||||||||||| ||und||
082 _a610.284
_bKIN
100 _aKing, Paul H.,
_9116157
245 0 _aDesign of biomedical devices and systems /
300 _apages cm
942 _cBK
999 _c601333
_d601333